| 000 | 00918nam a22001937a 4500 | ||
|---|---|---|---|
| 005 | 20250723112400.0 | ||
| 010 | _aHIN-129923 | ||
| 020 |
_a9788195392643 _c350.00 |
||
| 035 | _aHN-102269 | ||
| 037 | _bDBAD/PUB | ||
| 082 | _a410.202 | ||
| 100 |
_aपण्डया प्रवीण _983166 |
||
| 245 |
_aसमकालीन संस्कृत साहित्य की दिशा / _cप्रवीण पण्डय |
||
| 246 | _a | ||
| 260 |
_aजयपुर _bराष्ट्रीय संस्कृत साहित्य केन्द्र |
||
| 270 | _a222 सरस्वती सदन, बिहारीजी की गली, सौखियो का रास्ता, किशनपोल बाजार, जयपुर- 302001 | ||
| 300 |
_a120पृ. _b 21.7सेमी (सजिल्द) |
||
| 942 |
_2ddc _cHN _h410.202 _m पण्डय |
||
| 999 |
_c212482 _d212482 |
||